Selecting Business Software

Guardado en:
Detalles Bibliográficos
Autor principal: Yu, John W.
Formato: Libro
Lenguaje:inglés
Publicado: Homewood Dow Jones 1989
Edición:1. ed.
Etiquetas: Agregar Etiqueta
Sin Etiquetas, Sea el primero en etiquetar este registro!

MARC

LEADER 00000nam a2200000 4500
001 c024011
005 20221215114424.4
041 0 |a eng 
044 |a US 
245 1 0 |a Selecting Business Software  |c John W. Yu 
250 |a 1. ed. 
264 1 |a Homewood  |b Dow Jones  |c 1989 
300 |a 328 s. 
100 1 |a Yu, John W.